Normal view
MARC view
- DE-COMP-34
Entry Topical Term
001 - CONTROL NUMBER
- control field: 70900
003 - CONTROL NUMBER IDENTIFIER
- control field: NUST
005 - DATE AND TIME OF LATEST TRANSACTION
- control field: 20210628204551.0
008 - FIXED-LENGTH DATA ELEMENTS
- fixed length control field: 210628|| aca||aabn | a|a d
040 ## - CATALOGING SOURCE
- Original cataloging agency: NUST
- Transcribing agency: NUST
150 ## - HEADING--TOPICAL TERM
- Topical term or geographic name entry element: DE-COMP-34
670 ## - SOURCE DATA FOUND
- Source citation: Work cat.: (NUST): NS AWAIS SHAHBAZ NS M.BILAL RIAZ NS RANA MUHAMMAD JUNAID NS UMAIR JAVAID MANJ 70899, PR-SOF-1556-NATO Narrowband Waveform implemented on SDR Kit, 2016
